=LDR 00000nam 2200000 4500 =001 INLIS000000000058165 =005 20210823090942 =035 ##$$a 0010-0821000090 =007 ta =008 210823###########################0#ind## =020 ##$$a 979-421-274-1 =082 ##$$a 631.4 =084 ##$$a 631.4 Poe g =245 1#$$a Genesa Tanah Batuan Pembentuk Tanah /$c Poerwowidodo =250 ##$$a Ed.1,Cet 1 =300 ##$$a xviii,184 halaman ; $c 20 cm =650 #4$$a Tanah-Ilmu =264 ##$$a jakarta :$b Rajawali Press,$c 1991 =336 ##$$a teks$2 rdacontent =337 ##$$a lain-lain$2 rdamedia =338 ##$$a lain-lain$2 rdacarrier =990 ##$$a 07310731 =990 ##$$a 00780078